000 00822nam a2200229 a 4500
001 48336
003 BD-RjUL
005 20211209054514.0
008 160813s1998 bg |||| ||| 000 0 ben d
020 _a9844014662
_c: TK. 40.00
035 _a(BD-RjUL)48455
040 _aBD-RjUL
_bben
_cBD-RjUL
_dBD-RjUL
041 _aben
082 _223
_a891.443
_bISM 1998
100 1 0 _aইসলাম, আমীরুল
_9145134
245 1 0 _aমক্তিযুদ্ধের কিশোর গল্প /
_cআমীরুল ইসলাম
260 _aঢাকা :
_bআগামী প্রকাশনী,
_c১৯৯৮ [১৪০৪]
300 _a৬৩ পৃ. ;
_c২১ সেমি.
650 _aবাংলা ছোটগল্প
_9146313
650 _aBengali short stories
_9146314
942 _2ddc
_cBK
999 _c48336
_d48336